00340nam a22001217a 4500082002700000100001500027245003100042250001200073260005500085300003300140526003700173650000800210 a512.904bBARcL-1, P-8 aBarnard, s aHigher algebracS. Barnard a1st ed. aLondonbLowe and brydone printers limitedcc 1936. axiv, 585 p. :bill. ;c20 cm a0b0c0d512_904000000000000_BAR aMCE